Title NOT in the Lyrics - Christmas Edition - Statistics

General Stats
  • This quiz has been taken 242 times
    209 since last reset
  • The average score is 3 of 7
Answer Stats
Sample Lyrics Answer % Correct
Seven Swans a-swimming The Twelve Days of Christmas
92%
Our finest gifts we bring pa rum pum pam pum The Little Drummer Boy
90%
Chestnuts roasting on an open fire The Christmas Song
67%
Hark how the bells, sweet silver bells Carol of the Bells
35%
I still want a hula hoop! The Chipmunk Song
21%
Candlelight, angel light, firelight and starglow Candlelight Carol
2%
I carried His mother to Bethlehem town The Friendly Beasts
2%
No matching quizzes found
Score Distribution
Percent of People with Each Score
Percentile by Number Answered
Your Score History
You have not taken this quiz since the last reset